000 00715nam a22002297a 4500
003 UA-OsUOA
001 51762
007 ta
008 20080122b un ||||| |||| 00| 0 ukr d
100 _aГнаткович Т.
700 _aШулик І.
090 _a82
_bГ-56
942 _cSA
040 _aUA-OsUOA
_bukr
_cUA-OsUOA
_dUA-OsUOA
245 _aФранцузька література (Програма факультативного курсу для 9-11 класів...)
300 _aС.22-50
955 _a0
041 _aukr
080 _a82
773 0 _w51759
_tЗарубіжна література
_dК.
_d2008
_g3
650 7 _a82 Література. Літературознавство
_2UDC
999 _c337851
_d337851